[Event "U20 Polish Youth Championship"]
[Site "Ustron"]
[Date "2019.11.24"]
[Round "2"]
[White "Godzwon, Iwo"]
[Black "Fus, Jakub"]
[Result "1-0"]
[Board "4"]
[WhiteElo "2275"]
[WhiteTitle "FM"]
[WhiteCountry "POL"]
[WhiteFideId "21802483"]
[WhiteEloChange "12"]
[BlackElo "2363"]
[BlackTitle "FM"]
[BlackCountry "POL"]
[BlackFideId "1193023"]
[BlackEloChange "-12"]

1. e4 {[%clk 1:30:58]} c6 {[%clk 1:30:34]} 2. d4 {[%clk 1:31:25]} d5 {[%clk
1:30:47]} 3. e5 {[%clk 1:31:52]} c5 {[%clk 1:30:54]} 4. dxc5 {[%clk 1:32:18]} e6
{[%clk 1:30:56]} 5. Qg4 {[%clk 1:31:53]} Nd7 {[%clk 1:23:22]} 6. Nf3 {[%clk
1:27:44]} Qc7 {[%clk 1:13:24]} 7. Bb5 {[%clk 1:12:45]} Qxc5 {[%clk 1:10:33]} 8.
Nc3 {[%clk 1:11:29]} Ne7 {[%clk 0:59:30]} 9. O-O {[%clk 1:02:17]} Ng6 {[%clk
0:55:59]} 10. Re1 {[%clk 0:52:40]} a6 {[%clk 0:36:59]} 11. Bd3 {[%clk 0:52:14]}
Be7 {[%clk 0:36:00]} 12. Be3 {[%clk 0:44:37]} Qc7 {[%clk 0:33:40]} 13. Bd4 {[%clk
0:45:06]} Nc5 {[%clk 0:32:46]} 14. Rac1 {[%clk 0:42:36]} Bd7 {[%clk 0:31:51]} 15.
Ne2 {[%clk 0:38:17]} Rc8 {[%clk 0:24:05]} 16. b4 {[%clk 0:31:42]} Nxd3 {[%clk
0:18:28]} 17. cxd3 {[%clk 0:32:08]} Qb8 {[%clk 0:18:03]} 18. Rxc8+ {[%clk
0:31:51]} Bxc8 {[%clk 0:18:20]} 19. Bc5 {[%clk 0:21:19]} O-O {[%clk 0:17:14]} 20.
Nf4 {[%clk 0:20:24]} Qc7 {[%clk 0:15:14]} 21. Nxg6 {[%clk 0:20:02]} fxg6 {[%clk
0:15:38]} 22. Bxe7 {[%clk 0:15:58]} Qxe7 {[%clk 0:16:02]} 23. Rc1 {[%clk
0:16:27]} Bd7 {[%clk 0:14:23]} 24. a3 {[%clk 0:14:29]} Rc8 {[%clk 0:07:55]} 25.
Qf4 {[%clk 0:13:55]} Qd8 {[%clk 0:06:39]} 26. h4 {[%clk 0:12:20]} h6 {[%clk
0:06:33]} 27. Nd4 {[%clk 0:08:58]} Rc7 {[%clk 0:06:48]} 28. g3 {[%clk 0:05:34]}
Qc8 {[%clk 0:07:13]} 29. Nb3 {[%clk 0:05:42]} b6 {[%clk 0:04:49]} 30. Qe3 {[%clk
0:03:32]} Ba4 {[%clk 0:03:44]} 31. Rxc7 {[%clk 0:03:59]} Qxc7 {[%clk 0:04:11]}
32. Nd4 {[%clk 0:04:27]} Bd7 {[%clk 0:04:26]} 33. Qe1 {[%clk 0:04:47]} Kf7 {[%clk
0:03:35]} 34. f4 {[%clk 0:05:14]} a5 {[%clk 0:03:29]} 35. Kf2 {[%clk 0:05:31]}
axb4 {[%clk 0:03:27]} 36. Qxb4 {[%clk 0:05:46]} Qc1 {[%clk 0:01:43]} 37. Ne2
{[%clk 0:05:24]} Qc5+ {[%clk 0:01:45]} 38. Qxc5 {[%clk 0:02:45]} bxc5 {[%clk
0:02:11]} 39. d4 {[%clk 0:03:14]} c4 {[%clk 0:01:20]} 40. g4 {[%clk 0:33:33]} Ba4
{[%clk 0:30:53]} 41. Nc3 {[%clk 0:33:53]} Bc2 {[%clk 0:30:52]} 42. Ke3 {[%clk
0:32:12]} Ke7 {[%clk 0:31:10]} 43. Kd2 {[%clk 0:31:56]} Bd3 {[%clk 0:31:30]} 44.
Na4 {[%clk 0:31:35]} h5 {[%clk 0:31:31]} 45. Nc5 {[%clk 0:30:24]} hxg4 {[%clk
0:28:10]} 46. Nxd3 {[%clk 0:30:52]} cxd3 {[%clk 0:28:35]} 47. Kxd3 {[%clk
0:31:20]} Kd7 {[%clk 0:29:00]} 48. Ke3 {[%clk 0:31:36]} Kc6 {[%clk 0:29:27]} 49.
a4 {[%clk 0:31:53]} Kb6 {[%clk 0:29:54]} 50. h5 {[%clk 0:32:21]} gxh5 {[%clk
0:27:05]} 51. f5 {[%clk 0:32:48]} h4 {[%clk 0:26:53]} 52. f6 {[%clk 0:33:07]}
gxf6 {[%clk 0:26:56]} 53. exf6 {[%clk 0:33:35]} h3 {[%clk 0:27:23]} 54. Kf2
{[%clk 0:34:02]} 1-0

[Event "U20 Polish Youth Championship"]
[Site "Ustron"]
[Date "2019.11.24"]
[Round "2"]
[White "Niedbala, Bartlomiej"]
[Black "Kozak, Antoni"]
[Result "1-0"]
[Board "5"]
[WhiteElo "2239"]
[WhiteCountry "POL"]
[WhiteFideId "21834008"]
[WhiteEloChange "13"]
[BlackElo "2350"]
[BlackCountry "POL"]
[BlackFideId "21832030"]
[BlackEloChange "-13"]

1. d4 {[%clk 1:30:55]} d5 {[%clk 1:30:56]} 2. Nf3 {[%clk 1:28:40]} Nf6 {[%clk
1:31:20]} 3. g3 {[%clk 1:27:10]} b5 {[%clk 1:31:35]} 4. Bg2 {[%clk 1:26:48]} e6
{[%clk 1:32:00]} 5. O-O {[%clk 1:25:43]} Bb7 {[%clk 1:27:32]} 6. Nbd2 {[%clk
1:10:41]} Nbd7 {[%clk 1:23:14]} 7. a4 {[%clk 1:07:26]} a6 {[%clk 1:15:32]} 8. Nb3
{[%clk 0:56:48]} c5 {[%clk 1:14:45]} 9. axb5 {[%clk 0:46:51]} axb5 {[%clk
1:13:25]} 10. Rxa8 {[%clk 0:46:59]} Qxa8 {[%clk 1:01:36]} 11. dxc5 {[%clk
0:47:21]} Nxc5 {[%clk 1:02:00]} 12. Nfd4 {[%clk 0:45:57]} Nxb3 {[%clk 1:01:56]}
13. Nxb3 {[%clk 0:44:32]} Be7 {[%clk 1:01:59]} 14. Be3 {[%clk 0:42:33]} Nd7
{[%clk 0:58:52]} 15. Qd3 {[%clk 0:40:15]} Ba6 {[%clk 0:42:28]} 16. Ra1 {[%clk
0:36:27]} O-O {[%clk 0:41:58]} 17. Bd4 {[%clk 0:34:11]} Qc8 {[%clk 0:42:07]} 18.
e3 {[%clk 0:31:02]} Nb8 {[%clk 0:37:33]} 19. Bf1 {[%clk 0:27:56]} Qc6 {[%clk
0:31:04]} 20. Qc3 {[%clk 0:17:56]} Qxc3 {[%clk 0:30:41]} 21. Bxc3 {[%clk
0:18:14]} b4 {[%clk 0:30:53]} 22. Bxb4 {[%clk 0:18:23]} Bxb4 {[%clk 0:31:17]} 23.
Bxa6 {[%clk 0:18:50]} Nxa6 {[%clk 0:29:42]} 24. Rxa6 {[%clk 0:18:41]} Rb8 {[%clk
0:30:08]} 25. Kf1 {[%clk 0:18:03]} Be7 {[%clk 0:30:09]} 26. Ke2 {[%clk 0:15:06]}
h5 {[%clk 0:27:52]} 27. Kd2 {[%clk 0:11:37]} Kf8 {[%clk 0:27:56]} 28. Nd4 {[%clk
0:09:21]} Ke8 {[%clk 0:25:26]} 29. b3 {[%clk 0:06:29]} Rb7 {[%clk 0:22:35]} 30.
Nc6 {[%clk 0:05:09]} Bd6 {[%clk 0:21:46]} 31. Kd3 {[%clk 0:04:35]} Kd7 {[%clk
0:22:06]} 32. e4 {[%clk 0:02:17]} Bc5 {[%clk 0:19:33]} 33. exd5 {[%clk 0:02:03]}
exd5 {[%clk 0:19:50]} 34. Ne5+ {[%clk 0:01:45]} Ke7 {[%clk 0:20:09]} 35. f3
{[%clk 0:01:55]} Bg1 {[%clk 0:19:30]} 36. h3 {[%clk 0:02:24]} Bh2 {[%clk
0:19:55]} 37. Nc6+ {[%clk 0:02:49]} Kd7 {[%clk 0:20:22]} 38. g4 {[%clk 0:02:37]}
hxg4 {[%clk 0:20:46]} 39. hxg4 {[%clk 0:02:59]} Rc7 {[%clk 0:20:13]} 40. Nd4
{[%clk 0:31:37]} Kc8 {[%clk 0:44:57]} 41. Ra5 {[%clk 0:27:28]} Rd7 {[%clk
0:45:18]} 42. Nf5 {[%clk 0:22:38]} g6 {[%clk 0:45:44]} 43. Ne3 {[%clk 0:23:05]}
d4 {[%clk 0:46:11]} 44. Nd5 {[%clk 0:23:31]} 1-0

[Event "U20 Polish Youth Championship"]
[Site "Ustron"]
[Date "2019.11.24"]
[Round "2"]
[White "Chylewski, Patryk"]
[Black "Sernecki, Franciszek"]
[Result "1-0"]
[Board "6"]
[WhiteElo "2348"]
[WhiteTitle "FM"]
[WhiteCountry "POL"]
[WhiteFideId "1186191"]
[WhiteEloChange "8"]
[BlackElo "2285"]
[BlackCountry "POL"]
[BlackFideId "1169297"]
[BlackEloChange "-8"]

1. c4 {[%clk 1:30:57]} e6 {[%clk 1:30:09]} 2. Nc3 {[%clk 1:31:22]} d5 {[%clk
1:30:35]} 3. d4 {[%clk 1:31:47]} c5 {[%clk 1:30:20]} 4. cxd5 {[%clk 1:32:08]}
exd5 {[%clk 1:30:43]} 5. Nf3 {[%clk 1:32:35]} Nc6 {[%clk 1:31:09]} 6. dxc5 {[%clk
1:32:54]} Nf6 {[%clk 1:28:42]} 7. Be3 {[%clk 1:33:11]} Be7 {[%clk 1:28:35]} 8. g3
{[%clk 1:33:04]} Ng4 {[%clk 1:24:42]} 9. Nxd5 {[%clk 1:22:26]} Nxe3 {[%clk
1:08:25]} 10. Nxe3 {[%clk 1:22:01]} Qa5+ {[%clk 1:06:06]} 11. Qd2 {[%clk
1:19:41]} Bxc5 {[%clk 1:00:07]} 12. Qxa5 {[%clk 0:55:51]} Nxa5 {[%clk 1:00:08]}
13. Nd5 {[%clk 0:55:16]} Be6 {[%clk 0:48:51]} 14. Nc3 {[%clk 0:36:34]} Nc4 {[%clk
0:37:54]} 15. Bg2 {[%clk 0:34:44]} Nxb2 {[%clk 0:33:50]} 16. O-O {[%clk 0:34:35]}
Nc4 {[%clk 0:33:15]} 17. Rab1 {[%clk 0:30:43]} Rb8 {[%clk 0:29:52]} 18. Rfc1
{[%clk 0:20:28]} O-O {[%clk 0:21:17]} 19. Ng5 {[%clk 0:19:41]} Ba3 {[%clk
0:16:27]} 20. Nxe6 {[%clk 0:16:54]} fxe6 {[%clk 0:16:40]} 21. Rd1 {[%clk
0:10:33]} Rf7 {[%clk 0:11:20]} 22. Ne4 {[%clk 0:10:12]} b5 {[%clk 0:09:19]} 23.
Ng5 {[%clk 0:09:17]} Rf6 {[%clk 0:08:57]} 24. Nxe6 {[%clk 0:07:38]} Rxe6 {[%clk
0:07:39]} 25. Bd5 {[%clk 0:08:03]} Rb6 {[%clk 0:06:18]} 26. Rxb5 {[%clk 0:07:35]}
Rd6 {[%clk 0:06:27]} 27. Bxe6+ {[%clk 0:06:33]} Rxe6 {[%clk 0:06:54]} 28. Rb7
{[%clk 0:04:55]} a6 {[%clk 0:06:32]} 29. Rd8+ {[%clk 0:04:09]} Bf8 {[%clk
0:07:00]} 30. Rbb8 {[%clk 0:04:29]} Rf6 {[%clk 0:07:18]} 31. Ra8 {[%clk 0:04:24]}
g6 {[%clk 0:05:59]} 32. Rd4 {[%clk 0:04:32]} Nb6 {[%clk 0:04:20]} 33. Rxa6 {[%clk
0:04:35]} h5 {[%clk 0:03:57]} 34. e3 {[%clk 0:04:30]} Kg7 {[%clk 0:03:43]} 35. a4
{[%clk 0:04:18]} Bc5 {[%clk 0:02:58]} 36. Rd1 {[%clk 0:04:24]} Rf5 {[%clk
0:02:20]} 37. a5 {[%clk 0:03:55]} Nc4 {[%clk 0:02:42]} 38. Rc1 {[%clk 0:01:35]}
Nd2 {[%clk 0:01:59]} 39. Rc6 {[%clk 0:01:25]} Ba3 {[%clk 0:00:41]} 40. Rd1 {[%clk
0:30:41]} Bb4 {[%clk 0:30:48]} 41. a6 {[%clk 0:29:17]} Nf3+ {[%clk 0:30:06]} 42.
Kg2 {[%clk 0:27:13]} Ne1+ {[%clk 0:30:08]} 43. Kf1 {[%clk 0:27:30]} Nf3 {[%clk
0:30:33]} 44. a7 {[%clk 0:26:29]} Ra5 {[%clk 0:30:44]} 45. Rd7+ {[%clk 0:26:36]}
Kh6 {[%clk 0:31:08]} 46. Rc8 {[%clk 0:26:40]} Ra1+ {[%clk 0:31:13]} 47. Kg2
{[%clk 0:25:52]} Ne1+ {[%clk 0:31:06]} 48. Kh3 {[%clk 0:26:09]} g5 {[%clk
0:31:14]} 49. Rc6+ {[%clk 0:26:35]} Bd6 {[%clk 0:31:42]} 50. Rcxd6# {[%clk
0:27:00]} 1-0

[Event "U20 Polish Youth Championship"]
[Site "Ustron"]
[Date "2019.11.24"]
[Round "2"]
[White "Baum, Jonasz"]
[Black "Kokoszczynski, Jan"]
[Result "0-1"]
[Board "7"]
[WhiteElo "2341"]
[WhiteTitle "FM"]
[WhiteCountry "POL"]
[WhiteFideId "1195360"]
[WhiteEloChange "-12"]
[BlackElo "2264"]
[BlackCountry "POL"]
[BlackFideId "1174460"]
[BlackEloChange "12"]

1. d4 {[%clk 1:30:58]} Nf6 {[%clk 1:30:53]} 2. c4 {[%clk 1:31:24]} e6 {[%clk
1:31:07]} 3. Nf3 {[%clk 1:31:48]} b6 {[%clk 1:28:25]} 4. Bf4 {[%clk 1:32:04]} Bb7
{[%clk 1:27:59]} 5. e3 {[%clk 1:32:22]} Be7 {[%clk 1:26:36]} 6. Nc3 {[%clk
1:32:21]} Nh5 {[%clk 1:24:00]} 7. Bd3 {[%clk 1:31:07]} Nxf4 {[%clk 1:22:50]} 8.
exf4 {[%clk 1:31:35]} c5 {[%clk 1:14:35]} 9. d5 {[%clk 1:27:30]} exd5 {[%clk
1:11:40]} 10. cxd5 {[%clk 1:18:02]} d6 {[%clk 1:07:06]} 11. Qc2 {[%clk 1:13:20]}
h6 {[%clk 1:06:31]} 12. O-O-O {[%clk 1:03:11]} Nd7 {[%clk 1:05:42]} 13. g4 {[%clk
1:01:51]} a6 {[%clk 1:03:01]} 14. Rde1 {[%clk 0:45:07]} O-O {[%clk 0:55:14]} 15.
h4 {[%clk 0:40:56]} b5 {[%clk 0:54:24]} 16. g5 {[%clk 0:37:18]} b4 {[%clk
0:51:28]} 17. Bh7+ {[%clk 0:28:24]} Kh8 {[%clk 0:51:51]} 18. Ne4 {[%clk 0:28:39]}
Bxd5 {[%clk 0:45:30]} 19. Qd2 {[%clk 0:15:13]} Bxa2 {[%clk 0:30:21]} 20. gxh6
{[%clk 0:13:36]} g6 {[%clk 0:22:43]} 21. Nfg5 {[%clk 0:02:03]} Nf6 {[%clk
0:17:18]} 22. b3 {[%clk 0:01:06]} d5 {[%clk 0:08:50]} 23. Nxf7+ {[%clk 0:00:32]}
Rxf7 {[%clk 0:08:47]} 24. Ng5 {[%clk 0:00:47]} Rxh7 {[%clk 0:08:39]} 25. Qxa2
{[%clk 0:00:59]} Qd6 {[%clk 0:05:41]} 26. Re5 {[%clk 0:00:44]} Ng4 {[%clk
0:04:32]} 27. Re6 {[%clk 0:00:33]} Qxf4+ {[%clk 0:04:50]} 28. Kb1 {[%clk
0:00:48]} Bxg5 {[%clk 0:04:02]} 29. Qxa6 {[%clk 0:00:58]} Qf5+ {[%clk 0:04:27]}
30. Kb2 {[%clk 0:01:20]} Bf6+ {[%clk 0:03:49]} 31. Kc1 {[%clk 0:01:36]} Rha7
{[%clk 0:03:48]} 32. Qxa7 {[%clk 0:01:40]} Rxa7 {[%clk 0:04:05]} 0-1

[Event "U20 Polish Youth Championship"]
[Site "Ustron"]
[Date "2019.11.24"]
[Round "2"]
[White "Zylka, Stanislaw"]
[Black "Czopor, Maciej"]
[Result "1-0"]
[Board "8"]
[WhiteElo "2333"]
[WhiteTitle "FM"]
[WhiteCountry "POL"]
[WhiteFideId "1189654"]
[WhiteEloChange "7"]
[BlackElo "2227"]
[BlackCountry "POL"]
[BlackFideId "21805431"]
[BlackEloChange "-7"]

1. e4 {[%clk 1:30:56]} c5 {[%clk 1:30:47]} 2. Nf3 {[%clk 1:31:19]} e6 {[%clk
1:31:10]} 3. d4 {[%clk 1:31:42]} cxd4 {[%clk 1:31:28]} 4. Nxd4 {[%clk 1:32:02]}
Nf6 {[%clk 1:31:48]} 5. Nc3 {[%clk 1:32:25]} d6 {[%clk 1:32:07]} 6. g4 {[%clk
1:32:42]} h6 {[%clk 1:32:18]} 7. h4 {[%clk 1:32:58]} Nc6 {[%clk 1:32:31]} 8. Rg1
{[%clk 1:33:13]} d5 {[%clk 1:32:39]} 9. exd5 {[%clk 1:33:19]} Nxd5 {[%clk
1:32:56]} 10. Nxd5 {[%clk 1:33:38]} exd5 {[%clk 1:33:21]} 11. Be3 {[%clk
1:33:46]} Qxh4 {[%clk 1:32:39]} 12. Qf3 {[%clk 1:34:00]} Nxd4 {[%clk 1:31:54]}
13. Bxd4 {[%clk 1:34:22]} Qe7+ {[%clk 1:32:03]} 14. Be2 {[%clk 1:34:41]} Qe4
{[%clk 1:32:02]} 15. O-O-O {[%clk 1:34:59]} Qxf3 {[%clk 1:30:14]} 16. Bxf3 {[%clk
1:35:21]} Be6 {[%clk 1:30:00]} 17. Rge1 {[%clk 1:35:44]} Kd7 {[%clk 1:25:23]} 18.
c4 {[%clk 1:35:58]} Rc8 {[%clk 1:24:33]} 19. b3 {[%clk 1:36:18]} b5 {[%clk
0:52:39]} 20. Bxd5 {[%clk 1:36:36]} Bxd5 {[%clk 0:52:52]} 21. Bc3 {[%clk
1:36:58]} bxc4 {[%clk 0:51:19]} 22. Rxd5+ {[%clk 1:37:20]} Kc6 {[%clk 0:51:29]}
23. bxc4 {[%clk 1:37:44]} Bc5 {[%clk 0:41:45]} 24. Bxg7 {[%clk 1:38:04]} Rhg8
{[%clk 0:41:41]} 25. Bd4 {[%clk 1:36:05]} Ba3+ {[%clk 0:41:13]} 26. Kc2 {[%clk
1:36:16]} Rxg4 {[%clk 0:41:11]} 27. Kb3 {[%clk 1:27:24]} Bf8 {[%clk 0:36:52]} 28.
Bxa7 {[%clk 1:21:41]} Ra8 {[%clk 0:34:28]} 29. Ra5 {[%clk 1:10:16]} Kb7 {[%clk
0:16:09]} 30. Rf5 {[%clk 1:08:30]} Rg6 {[%clk 0:08:14]} 31. Rxf7+ {[%clk
1:08:14]} Ka6 {[%clk 0:08:27]} 32. Bd4 {[%clk 1:05:55]} Rc6 {[%clk 0:07:49]} 33.
Re5 {[%clk 1:04:57]} Bd6 {[%clk 0:07:21]} 34. Rb5 {[%clk 1:04:53]} Bc7 {[%clk
0:07:42]} 35. Kb4 {[%clk 1:00:58]} Bd6+ {[%clk 0:05:48]} 36. c5 {[%clk 1:00:58]}
Bc7 {[%clk 0:05:57]} 37. Rf3 {[%clk 1:01:11]} 1-0

[Event "U20 Polish Youth Championship"]
[Site "Ustron"]
[Date "2019.11.24"]
[Round "2"]
[White "Wisniewski, Michal"]
[Black "Mis, Mieszko"]
[Result "1/2-1/2"]
[Board "9"]
[WhiteElo "2158"]
[WhiteCountry "POL"]
[WhiteFideId "1159682"]
[WhiteEloChange "5"]
[BlackElo "2328"]
[BlackTitle "FM"]
[BlackCountry "POL"]
[BlackFideId "1196448"]
[BlackEloChange "-5"]

1. Nf3 {[%clk 1:30:30]} Nf6 {[%clk 1:30:39]} 2. c4 {[%clk 1:30:24]} e6 {[%clk
1:30:49]} 3. g3 {[%clk 1:29:42]} d5 {[%clk 1:30:48]} 4. Bg2 {[%clk 1:29:42]} dxc4
{[%clk 1:30:37]} 5. Na3 {[%clk 1:29:57]} Bxa3 {[%clk 1:30:36]} 6. bxa3 {[%clk
1:29:57]} Nbd7 {[%clk 1:24:33]} 7. Bb2 {[%clk 1:26:32]} Rb8 {[%clk 1:16:58]} 8.
a4 {[%clk 1:07:04]} O-O {[%clk 1:01:29]} 9. Qc2 {[%clk 1:05:51]} e5 {[%clk
0:57:21]} 10. Qxc4 {[%clk 1:00:25]} Re8 {[%clk 0:56:08]} 11. Ng5 {[%clk 0:56:57]}
Re7 {[%clk 0:45:27]} 12. Ba3 {[%clk 0:42:45]} c5 {[%clk 0:45:41]} 13. Bxc5 {[%clk
0:43:10]} Nxc5 {[%clk 0:44:44]} 14. Qxc5 {[%clk 0:43:35]} b6 {[%clk 0:42:23]} 15.
Qb4 {[%clk 0:43:59]} h6 {[%clk 0:31:32]} 16. Ne4 {[%clk 0:39:03]} Nxe4 {[%clk
0:31:36]} 17. Bxe4 {[%clk 0:39:23]} Bh3 {[%clk 0:30:33]} 18. Rc1 {[%clk 0:33:10]}
Rc7 {[%clk 0:26:44]} 19. Rxc7 {[%clk 0:13:33]} Qxc7 {[%clk 0:27:09]} 20. Qc3
{[%clk 0:13:53]} Qd6 {[%clk 0:22:58]} 21. f4 {[%clk 0:13:25]} exf4 {[%clk
0:09:39]} 22. gxf4 {[%clk 0:13:25]} Qxf4 {[%clk 0:09:02]} 23. Rg1 {[%clk
0:12:11]} g5 {[%clk 0:09:16]} 24. Qxh3 {[%clk 0:10:51]} Qxe4 {[%clk 0:09:25]} 25.
Qxh6 {[%clk 0:11:10]} Qb1+ {[%clk 0:09:28]} 26. Kf2 {[%clk 0:11:10]} Qf5+ {[%clk
0:09:28]} 27. Ke1 {[%clk 0:09:09]} Qb1+ {[%clk 0:09:28]} 28. Kf2 {[%clk 0:09:09]}
Qf5+ {[%clk 0:09:28]} 29. Ke1 {[%clk 0:09:09]} Qb1+ {[%clk 0:09:28]} 30. Kf2
{[%clk 0:09:09]} Qf5+ {[%clk 0:09:28]} 31. Ke1 {[%clk 0:09:09]} 1/2-1/2

[Event "U20 Polish Youth Championship"]
[Site "Ustron"]
[Date "2019.11.24"]
[Round "2"]
[White "Pacan-Milej, Kosma"]
[Black "Sowinski, Pawel"]
[Result "1-0"]
[Board "10"]
[WhiteElo "2315"]
[WhiteTitle "FM"]
[WhiteCountry "POL"]
[WhiteFideId "21800537"]
[WhiteEloChange "2"]
[BlackElo "1605"]
[BlackCountry "POL"]
[BlackFideId "21881979"]
[BlackEloChange "-2"]

1. d4 {[%clk 1:30:56]} d5 {[%clk 1:30:50]} 2. Nf3 {[%clk 1:31:21]} Nf6 {[%clk
1:31:00]} 3. c4 {[%clk 1:31:44]} e6 {[%clk 1:31:19]} 4. Nc3 {[%clk 1:32:07]} Bb4
{[%clk 1:31:25]} 5. Bg5 {[%clk 1:32:15]} h6 {[%clk 1:30:18]} 6. Bxf6 {[%clk
1:32:33]} Qxf6 {[%clk 1:30:38]} 7. Qa4+ {[%clk 1:32:58]} Nc6 {[%clk 1:30:37]} 8.
e3 {[%clk 1:33:21]} O-O {[%clk 1:25:10]} 9. Rd1 {[%clk 1:33:42]} Bd7 {[%clk
1:11:24]} 10. Qb3 {[%clk 1:31:18]} a5 {[%clk 1:06:18]} 11. a3 {[%clk 1:30:16]} a4
{[%clk 1:06:06]} 12. Qc2 {[%clk 1:30:42]} Ba5 {[%clk 1:03:57]} 13. Be2 {[%clk
1:30:52]} Rfb8 {[%clk 1:01:05]} 14. O-O {[%clk 1:29:22]} Bxc3 {[%clk 0:55:56]}
15. Qxc3 {[%clk 1:28:40]} dxc4 {[%clk 0:52:46]} 16. Bxc4 {[%clk 1:28:58]} b5
{[%clk 0:51:47]} 17. Bd3 {[%clk 1:28:49]} Qe7 {[%clk 0:48:58]} 18. Be4 {[%clk
1:14:15]} b4 {[%clk 0:46:46]} 19. Qc4 {[%clk 1:05:18]} Qd6 {[%clk 0:38:08]} 20.
Ne5 {[%clk 0:58:57]} Rb6 {[%clk 0:34:14]} 21. Nxd7 {[%clk 0:40:45]} Qxd7 {[%clk
0:34:19]} 22. axb4 {[%clk 0:39:47]} Rab8 {[%clk 0:33:04]} 23. b5 {[%clk 0:38:23]}
Ne7 {[%clk 0:28:22]} 24. Bd3 {[%clk 0:32:39]} Nc8 {[%clk 0:23:31]} 25. Qxa4
{[%clk 0:28:07]} Nd6 {[%clk 0:23:37]} 26. Rc1 {[%clk 0:26:25]} Nxb5 {[%clk
0:22:30]} 27. Rc5 {[%clk 0:24:28]} Qe8 {[%clk 0:20:43]} 28. b3 {[%clk 0:21:12]}
Nd6 {[%clk 0:20:23]} 29. Qxe8+ {[%clk 0:21:21]} Nxe8 {[%clk 0:20:38]} 30. Bc4
{[%clk 0:21:26]} Kf8 {[%clk 0:20:19]} 31. f4 {[%clk 0:20:36]} g6 {[%clk 0:18:38]}
32. g4 {[%clk 0:19:24]} Ke7 {[%clk 0:15:44]} 33. f5 {[%clk 0:19:21]} Ra8 {[%clk
0:12:57]} 34. fxe6 {[%clk 0:14:02]} fxe6 {[%clk 0:13:15]} 35. Rf2 {[%clk
0:11:07]} Ra7 {[%clk 0:11:54]} 36. g5 {[%clk 0:10:20]} h5 {[%clk 0:11:47]} 37.
Re5 {[%clk 0:09:24]} Ra1+ {[%clk 0:05:28]} 38. Kg2 {[%clk 0:09:49]} Rc1 {[%clk
0:03:49]} 39. Bd3 {[%clk 0:02:37]} Rxb3 {[%clk 0:01:17]} 40. Bxg6 {[%clk
0:33:01]} Nd6 {[%clk 0:30:54]} 41. d5 {[%clk 0:32:09]} h4 {[%clk 0:30:25]} 42.
Rxe6+ {[%clk 0:29:08]} Kd7 {[%clk 0:30:54]} 43. Bh5 {[%clk 0:26:58]} c6 {[%clk
0:30:56]} 44. g6 {[%clk 0:26:39]} cxd5 {[%clk 0:31:21]} 45. g7 {[%clk 0:26:44]}
Rbb1 {[%clk 0:31:39]} 46. Rg6 {[%clk 0:26:26]} Rg1+ {[%clk 0:31:35]} 47. Kh3
{[%clk 0:26:50]} Rxg6 {[%clk 0:31:59]} 48. Bxg6 {[%clk 0:27:17]} 1-0

[Event "U20 Polish Youth Championship"]
[Site "Ustron"]
[Date "2019.11.24"]
[Round "2"]
[White "Turski, Bartlomiej"]
[Black "Kowalski, Igor"]
[Result "0-1"]
[Board "11"]
[WhiteElo "1993"]
[WhiteCountry "POL"]
[WhiteFideId "21810567"]
[WhiteEloChange "-2"]
[BlackElo "2346"]
[BlackTitle "FM"]
[BlackCountry "POL"]
[BlackFideId "1172468"]
[BlackEloChange "2"]

1. e4 {[%clk 1:30:30]} g6 {[%clk 1:30:44]} 2. d4 {[%clk 1:30:30]} Bg7 {[%clk
1:30:49]} 3. Nf3 {[%clk 1:28:57]} d6 {[%clk 1:31:08]} 4. h3 {[%clk 1:29:01]} a6
{[%clk 1:29:25]} 5. a4 {[%clk 1:29:21]} b6 {[%clk 1:29:35]} 6. Nc3 {[%clk
1:29:36]} Bb7 {[%clk 1:29:50]} 7. Bc4 {[%clk 1:25:14]} e6 {[%clk 1:30:15]} 8. Qe2
{[%clk 1:17:24]} Nd7 {[%clk 1:30:09]} 9. O-O {[%clk 1:16:06]} h6 {[%clk 1:30:28]}
10. Bf4 {[%clk 1:03:58]} Ne7 {[%clk 1:30:23]} 11. Qd2 {[%clk 0:57:00]} g5 {[%clk
1:30:11]} 12. Bg3 {[%clk 0:46:25]} Ng6 {[%clk 1:30:00]} 13. Rad1 {[%clk 0:38:56]}
O-O {[%clk 1:29:39]} 14. Rfe1 {[%clk 0:38:50]} Nf6 {[%clk 1:26:47]} 15. Qe3
{[%clk 0:32:58]} Kh8 {[%clk 1:19:07]} 16. e5 {[%clk 0:17:28]} Nh5 {[%clk
1:19:11]} 17. Bh2 {[%clk 0:17:38]} Nhf4 {[%clk 1:18:24]} 18. Ne2 {[%clk 0:16:09]}
Bxf3 {[%clk 1:17:41]} 19. Qxf3 {[%clk 0:14:15]} Nh4 {[%clk 1:17:40]} 20. Qa3
{[%clk 0:09:51]} Nfxg2 {[%clk 1:12:50]} 21. Rf1 {[%clk 0:09:18]} d5 {[%clk
1:13:10]} 22. Ba2 {[%clk 0:08:00]} f5 {[%clk 1:13:04]} 23. exf6 {[%clk 0:07:38]}
Rxf6 {[%clk 1:12:11]} 24. f4 {[%clk 0:04:05]} gxf4 {[%clk 1:10:48]} 25. Nxf4
{[%clk 0:04:19]} Nxf4 {[%clk 1:10:52]} 26. Bxf4 {[%clk 0:04:03]} Qd7 {[%clk
1:03:11]} 27. Qd3 {[%clk 0:01:22]} Raf8 {[%clk 1:02:49]} 28. Bg3 {[%clk 0:01:25]}
Rf3 {[%clk 1:02:37]} 29. Rxf3 {[%clk 0:01:24]} Rxf3 {[%clk 1:03:02]} 30. Bxh4
{[%clk 0:01:44]} Rxd3 {[%clk 1:03:22]} 31. Rxd3 {[%clk 0:01:44]} Qxa4 {[%clk
1:03:21]} 0-1